| 000 | 00786nam a22002535i 4500 | ||
|---|---|---|---|
| 001 | 175859 | ||
| 003 | ES-MaACL | ||
| 005 | 20230906215931.0 | ||
| 008 | 101125s1992 sp |||| | spa d | ||
| 020 | _a84-7090-276-8 | ||
| 080 | _a821.134.2.09"19" | ||
| 100 | 1 |
_aBarrero Pérez, Óscar. _9144076 |
|
| 245 | 1 | 0 |
_aHistoria de la literatura española contempóranea (1939-1990) / _cÓscar Barrero Pérez. |
| 250 | _a1ª ed. | ||
| 260 |
_aMadrid : _bIstmo, _cD. L. 1992. |
||
| 300 |
_a386 p. ; _c21 cm. |
||
| 490 | 1 | _aFundamentos Maior | |
| 500 | _aÍndice. | ||
| 504 | _aBibliografía: p. 371-374. | ||
| 650 | 4 |
_aLiteratura española- _yS.XX- _xHistoria y crítica. _9141686 |
|
| 830 | 0 |
_aFundamentos Maior _9178658 |
|
| 852 |
_aES-MaACL _jE-13681 |
||
| 999 |
_c175859 _d175859 |
||